Catálogo
 En Linea

Dance to the piper / (Registro nro. 19395)

Detalles MARC
000 -CABECERA
campo de control de longitud fija 00504cam a22001691 4500
001 - NÚMERO DE CONTROL
campo de control 000019882
005 - FECHA Y HORA DE LA ÚLTIMA TRANSACCIÓN
campo de control 20200929170157.0
008 - DATOS DE LONGITUD FIJA--INFORMACIÓN GENERAL
campo de control de longitud fija 760220r1952 maua 000 0 eng
040 ## - FUENTE DE LA CATALOGACIÓN
Centro catalogador/agencia de origen DO-SdBNP
Lengua de catalogación spa
Centro/agencia transcriptor BNPHU
082 ## - NÚMERO DE LA CLASIFICACIÓN DECIMAL DEWEY
Número de clasificación xxx
Número de documento/Ítem M652d
100 1# - ENTRADA PRINCIPAL--NOMBRE DE PERSONA
Nombre de persona De Mille, Agnes.
9 (RLIN) 42422
245 10 - MENCIÓN DE TÍTULO
Título Dance to the piper /
Mención de responsabilidad, etc. Agnes De Milles.
260 ## - PUBLICACIÓN, DISTRIBUCIÓN, ETC.
Lugar de publicación, distribución, etc. Boston, :
Nombre del editor, distribuidor, etc. Little, Brown,
Fecha de publicación, distribución, etc. 1952.
300 ## - DESCRIPCIÓN FÍSICA
Extensión 342 p. :
Otras características físicas illus. ;
Dimensiones 22 cm.
500 ## - NOTA GENERAL
Nota general "An Atlantic Monthly Press book."
910 ## - DATOS DE OPCIÓN DEL USUARIO (OCLC)
Datos de opción del usuario Catalogación derivada / LC
Existencias
Estado de retiro Estado de pérdida Restricciones de uso No para préstamo Código de colección Localización permanente Ubicación/localización actual Ubicación en estantería Fecha de adquisición Número de inventario Total de préstamos Signatura topográfica completa Código de barras Fecha visto por última vez Precio válido a partir de Tipo de ítem Koha
      Excluido de préstamo Monografías: Libros y Folletos General General Depósito 08.07.2010 LF1   xxx M652d 19882-10 25.06.2020 25.06.2020 No se presta

Con tecnología Koha